Normal view
MARC view
- Jammu and Kashmir (India)
Entry Geographic Name
001 - CONTROL NUMBER
- control field: 11867
003 - CONTROL NUMBER IDENTIFIER
- control field: NUST
005 - DATE AND TIME OF LATEST TRANSACTION
- control field: 20180719092437.0
008 - FIXED-LENGTH DATA ELEMENTS
- fixed length control field: 180719|| aca||aabn | a|a d
040 ## - CATALOGING SOURCE
- Original cataloging agency: NUST
- Transcribing agency: NUST
151 ## - HEADING--GEOGRAPHIC NAME
- Geographic name: Jammu and Kashmir (India)
- General subdivision: Politics and government
- Chronological subdivision: 20th century
- Form subdivision: Fiction.
670 ## - SOURCE DATA FOUND
- Source citation: Work cat.: (NUST)173360: Chandra, Vikram A. 11866, The Srinagar conspiracy /, 2000.
